| 000 | 00460cam a2200181ua 4500 | ||
|---|---|---|---|
| 020 | _c20.50 | ||
| 041 |
_aeng _h |
||
| 082 |
_a330.1 _bSAM/EC |
||
| 100 | _aSamuelson, Paul.A . | ||
| 245 |
_aEconomics an introductory analysis / _cA Paul Samuelson. _hTextual Documents |
||
| 250 |
_a1 / _b. |
||
| 260 |
_aNew York : _bMcGraw Hill Book Company , _c1964. |
||
| 300 | _a838 ; . | ||
| 365 | _a20.50 | ||
| 504 | _a | ||
| 942 | _cBK | ||
| 999 |
_c2157 _d2157 |
||